[Event "Copenhagen Obro New Year op"]
[Site "Copenhagen"]
[Date "2022.12.30"]
[Round "7"]
[White "Nilssen, John Arni"]
[Black "Porte, Henrik"]
[Result "1/2-1/2"]
[WhiteElo "2321"]
[BlackElo "2164"]
[PlyCount "81"]
[EventDate "2022.12.27"]
[EventType "swiss"]
[EventRounds "7"]
[EventCountry "DEN"]
[SourceTitle "CBM 211 Extra"]
[Source "ChessBase"]
[SourceDate "2023.01.31"]
[SourceVersion "1"]
[SourceVersionDate "2023.01.31"]
[SourceQuality "1"]

1. d4 d5 2. c4 e6 3. Nc3 c5 4. e3 Nf6 5. Nf3 Be7 6. a3 cxd4 7. exd4 0-0 8. Bd3 b6 9. 0-0 Bb7 10. Re1 Nbd7 11. cxd5 Nxd5 12. Bc2 N7f6 13. Qd3 Rc8 14. Bg5 g6 15. Ne5 Qc7 16. Bd2 Rfd8 17. Qh3 Bf8 18. Bb3 Nxc3 19. bxc3 Bd5 20. c4 Ne4 21. Bf4 Bb7 22. Nxg6 Bd6 23. Ne5 f6 24. c5 Bxe5 25. Bxe6+ Kh8 26. dxe5 Qxc5 27. Be3 Qxe5 28. Bxc8 Rxc8 29. Rad1 Rg8 30. Bd4 Ng5 31. Rxe5 Nxh3+ 32. Kf1 Bxg2+ 33. Ke2 Kg7 34. Re7+ Kg6 35. Be3 Ng5 36. Bxg5 fxg5 37. Rd6+ Kf5 38. Rxh7 Re8+ 39. Kd2 Bf3 40. Rf7+ Ke5 41. Rdd7 1/2-1/2

[Event "Copenhagen Obro"]
[Site "Copenhagen"]
[Date "2022.09.11"]
[Round "4"]
[White "Nilssen, John Arni"]
[Black "Haubro, Martin"]
[Result "0-1"]
[WhiteElo "2336"]
[BlackElo "2403"]
[PlyCount "78"]
[EventDate "2022.09.09"]
[EventType "tourn"]
[EventRounds "5"]
[EventCountry "DEN"]
[SourceTitle "EXT 2024"]
[Source "ChessBase"]
[SourceDate "2023.10.10"]
[SourceVersion "1"]
[SourceVersionDate "2023.10.10"]
[SourceQuality "1"]

1. c4 e6 2. Nc3 Nf6 3. d4 Bb4 4. f3 c5 5. d5 0-0 6. e4 d6 7. Bd2 a6 8. Nge2 Re8 9. a3 Ba5 10. Nf4 Nbd7 11. Be2 Rb8 12. 0-0 Ne5 13. Rb1 Qc7 14. Kh1 Bb6 15. g4 h6 16. h4 Nh7 17. Qe1 Qe7 18. Ng2 Bd8 19. Qg3 Ng6 20. h5 Ngf8 21. dxe6 fxe6 22. Bf4 e5 23. Nd5 Qe6 24. Bd2 b5 25. Nge3 Nf6 26. b4 Bd7 27. Nf5 Nxd5 28. cxd5 Qf6 29. Rg1 Bxf5 30. gxf5 c4 31. f4 Nd7 32. Qh2 exf4 33. Rg6 Qd4 34. Rbg1 Qxe4+ 35. R1g2 Bg5 36. Qh3 Ne5 37. Bc3 Nxg6 38. fxg6 Qxd5 39. Bg4 Re3 0-1

[Event "Hillerod 100th Ann op"]
[Site "Hillerod"]
[Date "2020.02.14"]
[Round "8"]
[White "Nilssen, John Arni"]
[Black "Bronnum, Jan"]
[Result "1-0"]
[WhiteElo "2333"]
[BlackElo "2034"]
[PlyCount "57"]
[EventDate "2020.02.08"]
[EventType "swiss"]
[EventRounds "9"]
[EventCountry "DEN"]
[SourceTitle "CBM 194 Extra"]
[Source "ChessBase"]
[SourceDate "2020.03.31"]
[SourceVersion "1"]
[SourceVersionDate "2020.03.31"]
[SourceQuality "1"]

1. c4 c5 2. g3 g6 3. Bg2 Bg7 4. Nc3 Nc6 5. a3 a6 6. Nf3 e5 7. b4 d6 8. bxc5 dxc5 9. Rb1 Nge7 10. Na4 Qd6 11. d3 Rb8 12. Rb6 0-0 13. Be3 Qc7 14. Bxc5 Rd8 15. 0-0 e4 16. Ng5 exd3 17. exd3 Bd4 18. Bxd4 Nxd4 19. Ne4 Nec6 20. Nf6+ Kg7 21. Nd5 Qd6 22. Qa1 Kg8 23. Re1 Be6 24. Qb2 Bc8 25. c5 Qf8 26. Nf6+ Kg7 27. Rxc6 bxc6 28. Qxb8 Kxf6 29. Qe5# 1-0

[Event "Hillerod 100th Ann op"]
[Site "Hillerod"]
[Date "2020.02.11"]
[Round "5"]
[White "Nilssen, John Arni"]
[Black "Brondal, Paul"]
[Result "1-0"]
[WhiteElo "2333"]
[BlackElo "2074"]
[PlyCount "115"]
[EventDate "2020.02.08"]
[EventType "swiss"]
[EventRounds "9"]
[EventCountry "DEN"]
[SourceTitle "CBM 194 Extra"]
[Source "ChessBase"]
[SourceDate "2020.03.31"]
[SourceVersion "1"]
[SourceVersionDate "2020.03.31"]
[SourceQuality "1"]

1. c4 Nf6 2. d4 g6 3. Nc3 Bg7 4. e4 d6 5. Be2 0-0 6. Bg5 h6 7. Be3 c5 8. d5 e6 9. f3 exd5 10. cxd5 a6 11. a4 b6 12. Qd2 Nbd7 13. Nh3 Ne5 14. Nf2 Kh7 15. 0-0 g5 16. Nh1 Nh5 17. g3 Ng6 18. Bf2 Ngf4 19. Rfc1 Nh3+ 20. Kf1 Nxf2 21. Nxf2 Nf6 22. Kg2 Bd7 23. Nfd1 Qe7 24. h3 Kh8 25. Ne3 Nh5 26. Ng4 f5 27. exf5 Bxf5 28. Bd3 Bxd3 29. Qxd3 Qf7 30. Rf1 Nxg3 31. Kxg3 h5 32. Kg2 hxg4 33. hxg4 Bxc3 34. bxc3 Kg7 35. Rab1 b5 36. axb5 axb5 37. Rxb5 Ra2+ 38. Rf2 Rxf2+ 39. Kxf2 Qf4 40. Rb7+ Kf6 41. Rh7 Re8 42. Rh6+ Ke7 43. Re6+ Kd8 44. Rxe8+ Kxe8 45. Qe3+ Qxe3+ 46. Kxe3 Ke7 47. c4 Kf6 48. f4 Kg6 49. fxg5 Kxg5 50. Kf3 Kg6 51. Kf4 Kf6 52. g5+ Kg6 53. Kg4 Kg7 54. Kf5 Kf7 55. g6+ Ke7 56. Kg5 Ke8 57. Kf6 Kf8 58. Ke6 1-0

[Event "Copenhagen Obro New Year op"]
[Site "Copenhagen"]
[Date "2018.12.29"]
[Round "5"]
[White "Antonsen, Mikkel"]
[Black "Nilssen, John Arni"]
[Result "1-0"]
[WhiteElo "2435"]
[BlackElo "2314"]
[PlyCount "147"]
[EventDate "2018.12.27"]
[EventType "swiss"]
[EventRounds "7"]
[EventCountry "DEN"]
[SourceTitle "CBM 189 Extra"]
[Source "ChessBase"]
[SourceDate "2019.06.03"]
[SourceVersion "1"]
[SourceVersionDate "2019.06.03"]
[SourceQuality "1"]

1. d4 g6 2. c4 Bg7 3. Nc3 e6 4. Nf3 Ne7 5. g3 d5 6. Bg2 0-0 7. 0-0 dxc4 8. Qa4 Nf5 9. Qxc4 Nxd4 10. Nxd4 Qxd4 11. Qxc7 Na6 12. Qe7 Qb4 13. Qxb4 Nxb4 14. Rd1 Rb8 15. Be3 b6 16. Rac1 Bb7 17. Rd7 Bxg2 18. Kxg2 a5 19. a3 Na6 20. Nd1 a4 21. Ra7 Nc5 22. Bxc5 bxc5 23. Rxa4 Bxb2 24. Rxc5 Rfd8 25. Nxb2 Rxb2 26. Re5 Rdd2 27. Kf3 Ra2 28. g4 h6 29. h4 Rdc2 30. Ra7 Rc3+ 31. Re3 Rc4 32. Rb3 g5 33. hxg5 hxg5 34. Rb5 Rc3+ 35. e3 Rcxa3 36. Rxg5+ Kf8 37. Rb7 Rc3 38. Rb8+ Ke7 39. Rh5 Rcc2 40. Rh2 Rcb2 41. Rg8 e5 42. Kg3 Kf6 43. Rgh8 Rb1 44. R8h5 Rg1+ 45. Kf3 Ra5 46. Rf5+ Kg6 47. Rfh5 Kf6 48. Rh7 Ra2 49. R7h5 Ra5 50. Rh6+ Ke7 51. Rb6 Ra4 52. Rb7+ Kf6 53. Rh7 Rgxg4 54. Rbxf7+ Ke6 55. Rb7 Rg5 56. Rh6+ Kd5 57. Rd7+ Kc5 58. Rc7+ Kb5 59. Rf6 Rh4 60. Rc1 Rb4 61. Rf8 Ka6 62. Rc2 Kb7 63. Ke2 e4 64. Rfc8 Re5 65. R2c7+ Kb6 66. Rc4 Rb2+ 67. Rc2 Rxc2+ 68. Rxc2 Kb5 69. Rc8 Re7 70. Kf1 Kb4 71. Kg2 Kb5 72. Kg3 Kb4 73. Kf4 Kb5 74. Kf5 1-0

[Event "Bronshoj Lang Weekend"]
[Site "Copenhagen"]
[Date "2018.02.18"]
[Round "6"]
[White "Nilssen, John Arni"]
[Black "Hoi, Carsten"]
[Result "1/2-1/2"]
[WhiteElo "2304"]
[BlackElo "2373"]
[PlyCount "143"]
[EventDate "2018.02.15"]
[EventType "swiss"]
[EventRounds "7"]
[EventCountry "DEN"]
[SourceTitle "CBM 183 Extra"]
[Source "ChessBase"]
[SourceDate "2018.04.19"]
[SourceVersion "1"]
[SourceVersionDate "2018.04.19"]
[SourceQuality "1"]

1. c4 e5 2. g3 Nc6 3. Bg2 g6 4. Nc3 Bg7 5. Rb1 f5 6. d3 Nf6 7. e3 0-0 8. Nge2 d6 9. 0-0 Kh8 10. b4 g5 11. b5 Ne7 12. f4 gxf4 13. exf4 Ng6 14. d4 e4 15. d5 Nd7 16. Be3 Nc5 17. Nd4 Bd7 18. Kh1 Qe7 19. Bh3 Qf7 20. a4 Ne7 21. Rg1 h5 22. Bf1 Ng8 23. Be2 Nf6 24. h3 Rg8 25. Qd2 Bh6 26. Nc2 h4 27. gxh4 Nh5 28. Rg5 Bxg5 29. hxg5 Kh7 30. Rg1 Kg6 31. h4 Rh8 32. Bd4 Nb3 33. Qe3 Nxd4 34. Nxd4 Rh7 35. Kg2 Qg7 36. Rh1 Qf7 37. Bd1 Qg7 38. Nce2 a6 39. Ng3 Nxg3 40. Kxg3 Rah8 41. h5+ Rxh5 42. Rxh5 Rxh5 43. Bxh5+ Kxh5 44. Kf2 Kg6 45. Ne2 axb5 46. axb5 Qb2 47. Qa7 Qb3 48. Qd4 Qf3+ 49. Ke1 e3 50. Qf6+ Kh5 51. Qh6+ Kg4 52. Qh2 Be8 53. Qg1+ Kh3 54. Qf1+ Qxf1+ 55. Kxf1 Kg4 56. Nd4 Kxf4 57. Ne6+ Kg3 58. Nxc7 f4 59. Nxe8 f3 60. Nxd6 e2+ 61. Ke1 f2+ 62. Kxe2 Kg2 63. Ke3 f1Q 64. Kd4 b6 65. Ke5 Qa1+ 66. Ke6 Kf3 67. Nf7 Qe1+ 68. Kf6 Qa1+ 69. Ke6 Qe1+ 70. Kf6 Qa1+ 71. Ke6 Qe1+ 72. Kf6 1/2-1/2

[Event "Bronshoj Lang Weekend"]
[Site "Copenhagen"]
[Date "2018.02.16"]
[Round "2"]
[White "Eriksson, Christian Altenburg"]
[Black "Nilssen, John Arni"]
[Result "0-1"]
[WhiteElo "2153"]
[BlackElo "2304"]
[PlyCount "124"]
[EventDate "2018.02.15"]
[EventType "swiss"]
[EventRounds "7"]
[EventCountry "DEN"]
[SourceTitle "CBM 183 Extra"]
[Source "ChessBase"]
[SourceDate "2018.04.19"]
[SourceVersion "1"]
[SourceVersionDate "2018.04.19"]
[SourceQuality "1"]

1. e4 g6 2. d4 Nf6 3. Nc3 c5 4. Nf3 cxd4 5. Nxd4 Nc6 6. Be2 Bg7 7. Nb3 0-0 8. 0-0 d6 9. Be3 b6 10. f4 Bb7 11. Bf3 Nd7 12. Qd2 Na5 13. Nxa5 bxa5 14. Rad1 Nb6 15. b3 Qc8 16. Ne2 a4 17. c4 axb3 18. axb3 Nd7 19. e5 Bxf3 20. Rxf3 Nc5 21. exd6 Ne4 22. Qc2 Nxd6 23. Ng3 a5 24. f5 Ra6 25. Bf2 a4 26. fxg6 hxg6 27. bxa4 Qxc4 28. Qxc4 Nxc4 29. Bc5 Re8 30. Re1 Rxa4 31. Rf4 e5 32. Rg4 Nb2 33. Rxa4 Nxa4 34. Bd6 Nb2 35. Ne4 f5 36. Ng5 Bf6 37. Nh3 Nd3 38. Rb1 Rd8 39. Rb8 Rxb8 40. Bxb8 Kf7 41. Kf1 Ke6 42. Ke2 Nc5 43. Ba7 Ne4 44. Nf2 Nc3+ 45. Ke1 Kd5 46. Nd1 Nb5 47. Bb6 e4 48. Be3 Na3 49. Ba7 f4 50. Bb8 g5 51. h4 Nb5 52. Nf2 Bc3+ 53. Kf1 e3 54. Nd3 Ke4 55. Nc1 gxh4 56. Ne2 Be5 57. Bxe5 Kxe5 58. Ng1 Nd4 59. Nh3 Kf5 60. Ke1 Kg4 61. Kf1 Kg3 62. Ke1 f3 0-1

[Event "Krakow op-A 28th"]
[Site "Krakow"]
[Date "2017.12.30"]
[Round "4"]
[White "Nilssen, John Arni"]
[Black "Czopor, Maciej"]
[Result "1-0"]
[WhiteElo "2311"]
[BlackElo "2159"]
[PlyCount "107"]
[EventDate "2017.12.27"]
[EventType "swiss"]
[EventRounds "9"]
[EventCountry "POL"]
[SourceTitle "CBM 182 Extra"]
[Source "ChessBase"]
[SourceDate "2018.02.23"]
[SourceVersion "1"]
[SourceVersionDate "2018.02.23"]
[SourceQuality "1"]

1. d4 Nf6 2. c4 e6 3. Nc3 Bb4 4. g3 c5 5. Nf3 Nc6 6. Bg2 0-0 7. 0-0 Bxc3 8. bxc3 Ne4 9. Qc2 f5 10. dxc5 Qa5 11. Be3 Nxc5 12. Nd2 d6 13. Nb3 Qa4 14. Qd1 Qxc4 15. Nxc5 dxc5 16. Qb3 Qxb3 17. axb3 c4 18. b4 a6 19. Rfd1 Kf7 20. Bc5 Rd8 21. Bb6 Rd7 22. f4 Ke8 23. Kf2 Rxd1 24. Rxd1 Bd7 25. e4 Ne7 26. exf5 exf5 27. Re1 Kf7 28. Bc5 Nc6 29. Bd5+ Kf6 30. Bxc4 b5 31. Bb3 Re8 32. Rd1 Be6 33. Rd6 Kf7 34. Bd1 Nb8 35. Bf3 Bc4 36. Bd4 Re6 37. Rd8 Nc6 38. Rd7+ Ne7 39. Ra7 Kf8 40. Bc5 Ke8 41. Bxe7 Rxe7 42. Rxa6 Kf7 43. Rb6 Rd7 44. Rb7 Ke6 45. Rxd7 Kxd7 46. Be2 Bxe2 47. Kxe2 Kd6 48. Ke3 Kd5 49. Kd3 h6 50. h4 g6 51. Ke3 Kc4 52. Kd2 Kb3 53. Kd3 Kb2 54. c4 1-0

[Event "EU-chT (Men) 21st"]
[Site "Heraklion"]
[Date "2017.11.01"]
[Round "5.4"]
[White "Draskovic, Luka"]
[Black "Nilssen, John Arni"]
[Result "1-0"]
[WhiteElo "2450"]
[BlackElo "2326"]
[PlyCount "85"]
[EventDate "2017.10.28"]
[EventType "team-swiss"]
[EventRounds "9"]
[EventCountry "GRE"]
[SourceTitle "CBM 182"]
[Source "ChessBase"]
[SourceDate "2018.01.17"]
[SourceVersion "1"]
[SourceVersionDate "2018.01.17"]
[SourceQuality "1"]
[WhiteTeam "Montenegro"]
[BlackTeam "Faroe Islands"]
[WhiteTeamCountry "MNE"]
[BlackTeamCountry "FAI"]

1. c4 e6 2. Nf3 d5 3. b3 d4 4. g3 Nc6 5. Bg2 Nf6 6. 0-0 a5 7. d3 e5 8. e3 Be7 9. exd4 exd4 10. Na3 0-0 11. Nb5 Bf5 12. Bf4 Rc8 13. Re1 Bb4 14. Re2 Qd7 15. Be5 Bg4 16. Bxf6 gxf6 17. Qc1 Bf5 18. Qc2 Bc5 19. a3 Bg4 20. Qd2 Qf5 21. Re4 Bxf3 22. Rf4 Qg5 23. h4 Qg6 24. Bxf3 Ne5 25. Bxb7 c6 26. Bxc8 Rxc8 27. b4 axb4 28. axb4 Bf8 29. Nxd4 Bh6 30. h5 Bxf4 31. Qxf4 Qxd3 32. Nf5 Re8 33. Ne3 Qc3 34. Rd1 Nd3 35. Qg4+ Kf8 36. Nf5 Re1+ 37. Kh2 Rxd1 38. Qg7+ Ke8 39. Qg8+ Kd7 40. Qxf7+ Kc8 41. Nd6+ Kd8 42. Qe8+ Kc7 43. Qe7+ 1-0

[Event "Copenhagen OeBRO op"]
[Site "Copenhagen"]
[Date "2016.12.28"]
[Round "3"]
[White "Thuesen, Mogens Henrik"]
[Black "Nilssen, John Arni"]
[Result "1-0"]
[WhiteElo "2212"]
[BlackElo "2311"]
[PlyCount "63"]
[EventDate "2016.12.27"]
[EventType "swiss"]
[EventRounds "7"]
[EventCountry "DEN"]
[SourceTitle "CBM 176 Extra"]
[Source "ChessBase"]
[SourceDate "2017.03.02"]
[SourceVersion "1"]
[SourceVersionDate "2017.03.02"]
[SourceQuality "1"]

1. d4 d5 2. c4 e6 3. Nc3 c6 4. e3 Nf6 5. Nf3 Nbd7 6. Qc2 a6 7. Bd3 dxc4 8. Bxc4 b5 9. Be2 Bb7 10. 0-0 c5 11. Bd2 Rc8 12. Qd1 Bd6 13. dxc5 Nxc5 14. b4 Nce4 15. Nxe4 Nxe4 16. Be1 0-0 17. a4 Qf6 18. axb5 Rfd8 19. bxa6 Ba8 20. Qb1 g5 21. Bd3 g4 22. Bxe4 gxf3 23. Bxa8 Rxa8 24. g3 Bc7 25. b5 Rd5 26. Ra4 Bb6 27. Rh4 h5 28. Rf4 Qg5 29. Qe4 Ra7 30. Bc3 Rxb5 31. Qc6 e5 32. Qxb5 1-0

[Event "Copenhagen OeBRO op"]
[Site "Copenhagen"]
[Date "2016.12.27"]
[Round "2"]
[White "Nilssen, John Arni"]
[Black "Surender, Anil"]
[Result "1-0"]
[WhiteElo "2311"]
[BlackElo "2025"]
[PlyCount "55"]
[EventDate "2016.12.27"]
[EventType "swiss"]
[EventRounds "7"]
[EventCountry "DEN"]
[SourceTitle "CBM 176 Extra"]
[Source "ChessBase"]
[SourceDate "2017.03.02"]
[SourceVersion "1"]
[SourceVersionDate "2017.03.02"]
[SourceQuality "1"]

1. d4 g6 2. c4 Bg7 3. e4 d6 4. Nc3 Nc6 5. d5 Nd4 6. Nge2 c5 7. Be3 Qb6 8. Qd2 Bd7 9. Rb1 Nxe2 10. Bxe2 a5 11. 0-0 Nf6 12. h3 Qc7 13. Rbd1 h5 14. f4 h4 15. e5 Nh5 16. e6 fxe6 17. Qd3 Bxc3 18. Qxg6+ Kd8 19. bxc3 Nf6 20. dxe6 Bxe6 21. f5 Bd7 22. Bf4 Ra6 23. Qg7 Rg8 24. Qh6 Bc6 25. Bf3 Bxf3 26. Rxf3 Qc6 27. Rxd6+ exd6 28. Qxf6+ 1-0

[Event "Copenhagen OeBRO 80th anniv"]
[Site "Copenhagen"]
[Date "2016.10.19"]
[Round "2"]
[White "Teplyi, Igor"]
[Black "Nilssen, John Arni"]
[Result "1/2-1/2"]
[WhiteElo "2431"]
[BlackElo "2312"]
[PlyCount "75"]
[EventDate "2016.10.18"]
[EventType "swiss"]
[EventRounds "9"]
[EventCountry "DEN"]
[SourceTitle "CBM 175 Extra"]
[Source "ChessBase"]
[SourceDate "2016.12.12"]
[SourceVersion "1"]
[SourceVersionDate "2016.12.12"]
[SourceQuality "1"]

1. d4 d5 2. c4 e6 3. Nf3 c6 4. Qc2 dxc4 5. Qxc4 Nf6 6. Qc2 c5 7. dxc5 Qa5+ 8. Nc3 Bxc5 9. g3 Ng4 10. e3 Nc6 11. Bd2 Bd7 12. h3 Nge5 13. Nxe5 Nxe5 14. Be2 Bc6 15. 0-0 Nf3+ 16. Bxf3 Bxf3 17. Nd5 Qd8 18. Qxc5 Qxd5 19. Qxd5 Bxd5 20. Bc3 0-0 21. f3 Rfd8 22. Kf2 Rac8 23. Rfd1 Bc4 24. a4 h5 25. a5 Bb5 26. g4 hxg4 27. hxg4 Rxd1 28. Rxd1 a6 29. g5 Kh7 30. e4 Kg6 31. Rh1 Bc6 32. Ke3 Rd8 33. Kf4 f6 34. Rg1 e5+ 35. Ke3 Kf7 36. Rh1 Kg6 37. Rg1 Kf7 38. Rh1 1/2-1/2

[Event "Kolding Sondex Cup Gp2"]
[Site "Kolding"]
[Date "2016.04.09"]
[Round "2"]
[White "Fries Nielsen, Jens Ove"]
[Black "Nilssen, John Arni"]
[Result "1/2-1/2"]
[WhiteElo "2389"]
[BlackElo "2300"]
[PlyCount "93"]
[EventDate "2016.04.08"]
[EventType "tourn"]
[EventRounds "5"]
[EventCountry "DEN"]
[EventCategory "5"]
[SourceTitle "CBM 171 Extra"]
[Source "ChessBase"]
[SourceDate "2016.04.26"]
[SourceVersion "1"]
[SourceVersionDate "2016.04.26"]
[SourceQuality "1"]

1. d4 d5 2. Nf3 e6 3. Nbd2 Nf6 4. e3 c5 5. c3 Nc6 6. Bd3 Qc7 7. 0-0 Be7 8. e4 cxd4 9. cxd4 dxe4 10. Nxe4 0-0 11. Nxf6+ Bxf6 12. Qc2 g6 13. Be4 Qd6 14. Qc5 Qxc5 15. dxc5 Rd8 16. Bg5 Bxg5 17. Nxg5 e5 18. Bxc6 bxc6 19. Ne4 Rd4 20. Rfe1 Be6 21. Nc3 Rc4 22. Rxe5 Rb8 23. Re2 Rxc5 24. f3 Rc4 25. Rc1 Rcb4 26. Rcc2 Bc4 27. Red2 Be6 28. Re2 c5 29. a3 Rd4 30. Ne4 c4 31. Rcd2 Rxd2 32. Rxd2 Bf5 33. Nc3 Bd3 34. Kf2 Kf8 35. Nd5 Bf5 36. g4 Be6 37. Nc3 Ke7 38. h4 h5 39. g5 Rc8 40. Ke3 Rb8 41. Kf4 Rc8 42. Ne4 Rc6 43. Ke5 Bf5 44. Nf6 Be6 45. Ng8+ Ke8 46. Nf6+ Ke7 47. Ng8+ 1/2-1/2

[Event "Copenhagen Bronshoj op"]
[Site "Copenhagen"]
[Date "2016.??.??"]
[Round "5"]
[White "Nielsen, Klaus"]
[Black "Nilssen, John Arni"]
[Result "0-1"]
[WhiteElo "2097"]
[BlackElo "2285"]
[PlyCount "118"]
[EventDate "2016.02.12"]
[EventType "swiss"]
[EventRounds "7"]
[EventCountry "DEN"]
[SourceTitle "CBM 170 Extra"]
[Source "ChessBase"]
[SourceDate "2016.02.25"]
[SourceVersion "1"]
[SourceVersionDate "2016.02.25"]
[SourceQuality "1"]

1. d4 d5 2. Nf3 e6 3. e3 Nd7 4. Bd3 Bd6 5. Nbd2 f5 6. c4 c6 7. cxd5 cxd5 8. b3 Nh6 9. Bb2 Nf7 10. h3 h5 11. Be2 Qf6 12. Qc2 g5 13. 0-0-0 g4 14. Ne1 Nf8 15. Bb5+ Ke7 16. Kb1 a6 17. Be2 Bd7 18. Rc1 Ng6 19. Nd3 b6 20. hxg4 hxg4 21. f3 Rac8 22. Qd1 Rxh1 23. Qxh1 Qg5 24. Rxc8 Bxc8 25. f4 Qh4 26. Qc1 Bb7 27. Ne5 Kf6 28. Qg1 Qg3 29. Nxg6 Kxg6 30. Bc3 Qh4 31. g3 Qh3 32. Bf1 Qh8 33. Bd3 Qc8 34. Bb2 Nh6 35. Qd1 Kg7 36. Qh1 Ng8 37. Qh5 Be7 38. Nf1 Nf6 39. Qg5+ Kf7 40. Qh6 a5 41. Nd2 Ba6 42. Bc2 Qg8 43. Qh2 Qg6 44. Qf2 Qh7 45. a3 Qh1+ 46. Ka2 Qh3 47. Nb1 Nh5 48. Nc3 Nxg3 49. Na4 Bd8 50. e4 fxe4 51. f5 Nxf5 52. Qf4 Qg3 53. Qc1 Bd3 54. Bd1 Qe1 55. Bc3 Qf2+ 56. Nb2 Ne3 57. Ka1 Nxd1 58. Nxd1 Qc2 59. Qf4+ Bf6 0-1